[Event "Stjernen CC-ch B"]
[Site "Oslo"]
[Date "2017.02.14"]
[Round "2"]
[White "Movik, Knut"]
[Black "Prestholm, Trym"]
[Result "1-0"]
[WhiteElo "1657"]
[BlackElo "1139"]
[PlyCount "39"]
[EventDate "2017.02.07"]
[EventType "swiss"]
[EventRounds "9"]
[EventCountry "NOR"]
[SourceTitle "EXT 2024"]
[Source "ChessBase"]
[SourceDate "2023.10.10"]
[SourceVersion "1"]
[SourceVersionDate "2023.10.10"]
[SourceQuality "1"]

1. d4 d5 2. c4 e6 3. Nc3 Nf6 4. Nf3 c6 5. Bf4 Nbd7 6. cxd5 exd5 7. h3 Be7 8. e3 Bb4 9. Bd3 0-0 10. 0-0 Re8 11. Qc2 Bxc3 12. bxc3 Ne4 13. Ne5 Nxe5 14. Bxe5 Qh4 15. f3 Ng5 16. f4 Nxh3+ 17. gxh3 Qg3+ 18. Qg2 Qxe3+ 19. Kh1 Qxd3 20. Qxg7# 1-0